000 00501cam a2200157 4500500
005 20260329003000.0
041 _afre
042 _adc
100 1 0 _aUngerer, Tomi
_eauthor
245 0 0 _aPour les parents, on sera toujours des enfantsĀ ?
260 _c2014.
500 _a91
690 _aTomi Ungerer
786 0 _nPhilosophie magazine | 80 | 6 | 2014-06-01 | p. 4-4 | 1951-1787
856 4 1 _uhttps://shs.cairn.info/magazine-philosophie-magazine-2014-6-page-4?lang=fr&redirect-ssocas=7080
999 _c1820274
_d1820274